| 000 | 02029nam a2200313 a 4500 | ||
|---|---|---|---|
| 001 | BRCA_8747 | ||
| 005 | 20190320210406.0 | ||
| 008 | 100317s1771----sp-#######---#000-0#spa-# | ||
| 041 | _aspa | ||
| 044 | _asp | ||
| 084 |
_aBE106 _b.Q37 1771 |
||
| 245 | 1 | 0 | _aQuaresma del P. Fr. Antonio Andres, letor de sagrada theologia, escritor publico de su Orden, Regente de Estudios, Calificador del Santo Oficio y custodio actual de su provincia de Descalzos. |
| 260 |
_aValencia _bPor Benito Monfort, impresor de la muy ilustre Universidad _c1771 |
||
| 300 |
_a[34], 344p. (t.1) _c21.4 x 15 cm. |
||
| 500 | _aCon licencia del Real Consejo | ||
| 500 | _aEn portada : Quien se lo dedica a Christo Crucificado | ||
| 500 | _aEn portada : Al fin del tercer tomo hay una aplicación de los Sermones de la Quaresma à las Dominicas de entre año | ||
| 500 | _aEn portada : Sale a luz a expensas de Don Diego Mallen, Mercader de Libros: y se hallará en Valencia en si Librería cerca de San Martin | ||
| 500 | _aEstado físico : presenta encuadernación en pergamino, con lomo semi desprendido y cintas rotas | ||
| 500 | _aCon marca de fuego: “Procedencia de la marca: Convento de San Francisco de Querétaro(1). Institución: Orden de Frailes Menores. Provincia de San Pedro y San Pablo de Michoacán. Descripción: Monograma: Letras iniciales S[an] F[rancisco] D[e] Q[uerétar]o. Observaciones: David Saavedra la asigna a la Academia de Dibujo de San Fernando de Querétaro; Carlos Krausse al Colegio de Propaganda Fide de San Fernando de México. Ubicación de la marca en el libro: Canto superior, inferior y frontal” | ||
| 650 | 1 | 4 |
_aIglesia católica _xSermones _921286 |
| 650 | 1 | 4 |
_aCuaresma _xSermones _921287 |
| 700 | 1 |
_aAntonio Andrés _cFray _921275 |
|
| 700 | 1 |
_aAntonio Andrés _cFray _921275 |
|
| 700 | 1 |
_aBenito Monfort _eImpresor _921785 |
|
| 856 | _ahttp://www.marcasdefuego.buap.mx:8180/xmLibris/projects/firebrand/item.jsp?repository=marcas_de_fuego&key=6faee58a.xml&num=15 | ||
| 902 | _aCFM | ||
| 942 |
_2lcc _cB |
||
| 999 |
_c8399 _d8399 |
||